Capitales des pays caraïbéens et océaniens - Mort subite - Statistiques

Statistiques générales
  • Ce quiz a été pris 1 651 fois
  • Le résultat moyen est 6 sur 25
Answers on the Grid
Answers color-coded by a green-red scale on the quiz's grid according to % correct below.
La Havane
São Tomé
Georgetown
Saint-George’s
Saint-Peter’s
Saint-John’s
Roseaux
Port d’Espagne
Fort-de-France
Freetown
Praia
Castries
Kingston
Kingstown
Roseau
Saint-Vincent
Nassau
Port-de-France
Port-au-Prince
Saint-Domingue
Pointe-à-Pitre
Majuro
Castrie
Oahu
Papeete
Apia
Yaren
Nouméa
Nikaura
Rotuma
Funafuti
Vila
Port-Suva
Wellington
Honiara
Takeo
Port-Vila
Auckland
Sydney
Port-Moresby
Tarawa-Sud
Haumaefa
Palikir
Ngerulmud
Toko’apoa
Canberra
Nuku’alofa
Mata-Utu
Avarua
Suva
 
Statistiques - réponses
Réponse % Correct
La Havane
39%
Port-au-Prince
33%
Kingstown
30%
Saint-Domingue
30%
Wellington
30%
Canberra
29%
Kingston
29%
Nassau
28%
Port d’Espagne
27%
Port-Vila
27%
Port-Moresby
26%
Castries
24%
Funafuti
24%
Roseau
24%
Saint-George’s
24%
Suva
24%
Apia
23%
Nuku’alofa
22%
Palikir
22%
Yaren
22%
Majuro
21%
Honiara
19%
Ngerulmud
19%
Saint-John’s
19%
Tarawa-Sud
17%
Aucun quiz correspondant
Distribution des résultats
% des personnes avec chaque résultat
Percentile par nombre de réponses
Votre historique - résultats
Vous n’avez pas pris ce quiz